000 00814nam a2200253Ia 4500
003 GCL
008 140319s9999 xx 000 0 ara d
040 _aGCL /
_cGCL
082 0 4 _aم
_b011.08
_bف ر
100 1 _aفادية محمد غريب
245 1 0 _aالدليل المصرى لكتب الاطفال ملحق 1992 /
_cفادية محمد غريب
700 1 _aزينب السيد راشد
700 1 _aنادية ابراهيم زكى
700 1 _aاليس سلامة
260 _a[S.N] :
_bالهيئة المصرية العامة للكتاب ،
_c1992
300 _a218 ص
650 0 4 _aمصر
650 0 4 _aالاطفال
650 0 4 _aالكتب
650 0 4 _aادب الاطفال
650 0 4 _aكتب الاطفال
650 0 4 _aدوريات الاطفال
942 _2ddc
_cREF
999 _c59458
_d59458